Amuleti egizi = Egyptian amulets /

محفوظ في:

المؤلف الرئيسي: Lise, Giorgio (مؤلف)

التنسيق: كتاب

اللغة: Italian
English

الطبعة: first edition.

سلاسل: Itinerari d'immagini ; 8.

الموضوعات:

الوسوم: إضافة وسم

لا توجد وسوم, كن أول من يضع وسما على هذه التسجيلة!

رقم الطلب: DT62 .A5 L57 1988

LEADER 01063nam a2200337 a 4500
001 11146
003 OSt
005 20210613134548.0
008 130303s1988 it a g b 000 0 ita d
952 |0 0  |1 0  |2 lcc  |4 0  |6 DT0062 A5 L57 01988  |7 1  |9 16122  |a ARCE  |b ARCE  |d 2021-06-13  |l 0  |o DT62 .A5 L57 1988  |p 1011072  |r 2021-06-13 00:00:00  |w 2021-06-13  |y BK 
999 |c 12622  |d 12622 
010 |a 88162092 
020 |a 8871430557  
040 |c ARCE Library 
041 0 |a ita  |a eng 
043 |a f-ua--- 
050 0 4 |a DT62 .A5 L57 1988 
100 1 |a Lise, Giorgio,  |e author 
245 1 0 |a Amuleti egizi =  |b Egyptian amulets /  |c Giorgio Lise. 
246 3 1 |a Egyptian amulets  
250 |a first edition. 
264 1 |a Milano :  |b BE-MA editrice,  |c 1988. 
300 |a 135 pages :  |b color illustrations ;  |c 17 cm. 
490 1 |a Itinerari d'immagini ;   |v 8. 
504 |a Bibliography : pages 135. 
546 |a Text in Italian and English. 
650 0 |a Amulets, Egyptian. 
651 0 |a Egypt  |x Antiquities. 
830 0 |a Itinerari d'immagini ;   |v 8. 
901 |a reviewed 
942 |c BK  |2 lcc